[Event "FRA-ch U16"]
[Site "Aix les Bains"]
[Date "2009.04.20"]
[Round "2"]
[White "L'Huillier, Robin"]
[Black "Manoeuvre, Antoine"]
[Result "1/2-1/2"]
[WhiteElo "1932"]
[BlackElo "2150"]
[PlyCount "42"]
[EventDate "2009.04.19"]
[EventType "swiss"]
[EventRounds "9"]
[EventCountry "FRA"]
[SourceTitle "CBM 130 Extra"]
[Source "ChessBase"]
[SourceDate "2009.07.02"]
[SourceVersion "2"]
[SourceVersionDate "2009.07.15"]
[SourceQuality "1"]

1. d4 Nf6 2. c4 g6 3. Nc3 Bg7 4. e4 d6 5. h3 0-0 6. Nf3 Na6 7. Bg5 Qe8 8. g4 e5 9. d5 Nc5 10. Nd2 a5 11. Qf3 Nfd7 12. Nb5 Na6 13. h4 f6 14. Be3 Qe7 15. h5 Ndc5 16. hxg6 hxg6 17. 0-0-0 Na4 18. Be2 c6 19. Nc3 Nxc3 20. bxc3 Rf7 21. Qh3 g5 1/2-1/2

[Event "FRA-chT U20 0809"]
[Site "Sautron"]
[Date "2009.01.03"]
[Round "5.1"]
[White "Domenech, Vianney"]
[Black "L'Huillier, Robin"]
[Result "1/2-1/2"]
[WhiteElo "1973"]
[BlackElo "1938"]
[PlyCount "106"]
[EventDate "2008.10.??"]
[EventType "team-tourn"]
[EventRounds "11"]
[EventCountry "FRA"]
[SourceTitle "EXT 2010"]
[Source "ChessBase"]
[SourceDate "2010.11.25"]
[SourceVersion "1"]
[SourceVersionDate "2010.11.25"]
[SourceQuality "1"]

1. d4 d5 2. Bf4 c5 3. e3 e6 4. c3 Qb6 5. Qb3 c4 6. Qc2 Nf6 7. Nd2 Nbd7 8. e4 Nh5 9. Be3 Qc6 10. Be2 Nhf6 11. e5 Ng8 12. f4 Nh6 13. g4 g6 14. h4 f5 15. h5 Rg8 16. g5 Nf7 17. b3 cxb3 18. axb3 b6 19. c4 Bb7 20. Qb2 Qc7 21. Bf3 dxc4 22. bxc4 Bxf3 23. Ngxf3 Nd8 24. hxg6 hxg6 25. d5 Bc5 26. Bxc5 Qxc5 27. Qd4 a5 28. Rh7 Rc8 29. dxe6 Nf8 30. Qd6 Qxd6 31. exd6 Ndxe6 32. Re7+ Kd8 33. Ne5 Rg7 34. Nf7+ Rxf7 35. Rxf7 Rc6 36. Nf3 Rxd6 37. Rd1 Rxd1+ 38. Kxd1 Nd7 39. Ne5 Nxe5 40. fxe5 Nxg5 41. Rf6 Nf3 42. Rxg6 Nxe5 43. Rxb6 Nxc4 44. Rc6 Ne5 45. Rc5 Ng4 46. Rxa5 Ke7 47. Ra6 Ne5 48. Ke2 f4 49. Ra4 f3+ 50. Ke3 Kf6 51. Rf4+ Ke6 52. Ke4 Nc4 53. Kxf3 Kd5 1/2-1/2

[Event "FRA-ch U12"]
[Site "Calvi"]
[Date "2005.04.19"]
[Round "3"]
[White "Sochacki, Christophe"]
[Black "L'Huillier, Robin"]
[Result "1-0"]
[WhiteElo "1960"]
[BlackElo "1730"]
[PlyCount "121"]
[EventDate "2005.04.??"]
[EventType "swiss"]
[EventRounds "9"]
[EventCountry "FRA"]
[SourceTitle "EXT 2006"]
[Source "ChessBase"]
[SourceDate "2005.11.24"]
[SourceVersion "1"]
[SourceVersionDate "2005.11.24"]
[SourceQuality "1"]

1. e4 e5 2. d4 exd4 3. Qxd4 Nc6 4. Qe3 d6 5. Bd2 Nf6 6. c4 Be6 7. f3 Be7 8. Nc3 0-0 9. 0-0-0 Ne5 10. b3 Re8 11. g4 h6 12. Bd3 c6 13. Bc2 Qb6 14. Qe2 a5 15. a4 Ned7 16. e5 dxe5 17. h4 Nc5 18. Kb2 e4 19. g5 exf3 20. Nxf3 Nh7 21. gxh6 Bf6 22. Ka2 g6 23. Rdg1 Bf5 24. Qd1 Bxc2 25. Qxc2 Kh8 26. h5 Rg8 27. hxg6 fxg6 28. Rh2 Nf8 29. Be3 Qb4 30. Bxc5 Qxc3 31. Qxc3 Bxc3 32. Rhg2 Ne6 33. Bd6 Rad8 34. Be5+ Bxe5 35. Nxe5 Kh7 36. Rxg6 Rxg6 37. Rxg6 Rd2+ 38. Ka3 Nd4 39. Rg7+ Kxh6 40. Rxb7 Nc2+ 41. Kb2 Nb4+ 42. Kc1 Re2 43. Rxb4 Rxe5 44. Rb6 Rc5 45. Kd2 Kg5 46. Ke3 Kf5 47. Kd4 Re5 48. Rxc6 Re4+ 49. Kd3 Rg4 50. Rc5+ Kf4 51. Rxa5 Rg3+ 52. Kc2 Rg2+ 53. Kc3 Ke4 54. Ra8 Rg3+ 55. Kb4 Kd3 56. Rb8 Kc2 57. Ka5 Rg5+ 58. Rb5 Rg8 59. c5 Rc8 60. Kb6 Rh8 61. c6 1-0

[Event "FRA-chT U20 0304"]
[Site "France"]
[Date "2004.??.??"]
[Round "4"]
[White "Prunier, Louis"]
[Black "L'Huillier, Robin"]
[Result "0-1"]
[WhiteElo "1270"]
[BlackElo "1440"]
[PlyCount "50"]
[EventDate "2003.11.??"]
[EventType "team"]
[EventRounds "11"]
[EventCountry "FRA"]
[SourceTitle "EXT 2005"]
[Source "ChessBase"]
[SourceDate "2004.11.15"]
[SourceVersion "1"]
[SourceVersionDate "2004.11.15"]
[SourceQuality "1"]
[WhiteTeam "Niort"]
[BlackTeam "Creteil"]
[WhiteTeamCountry "FRA"]
[BlackTeamCountry "FRA"]

1. e4 d6 2. Nf3 Nf6 3. Nc3 c6 4. d4 Bg4 5. Be2 e6 6. 0-0 Be7 7. e5 Nd5 8. Nxd5 cxd5 9. Re1 0-0 10. Qd3 Qa5 11. c3 Nc6 12. Ng5 Bf5 13. Qg3 Nxd4 14. Bd3 Bxd3 15. Qxd3 Nf5 16. Qf3 dxe5 17. Rxe5 Bxg5 18. Bxg5 f6 19. Rxe6 fxg5 20. Re5 Nd6 21. Qg4 Qb6 22. h3 Qxf2+ 23. Kh1 Ne4 24. Rxe4 dxe4 25. Qxe4 Rae8 0-1

[Event "FRA-chT U20 0203"]
[Site "Clichy"]
[Date "2003.05.03"]
[Round "9.10"]
[White "L'Huillier, Robin"]
[Black "Ledouble, Ugo"]
[Result "1-0"]
[WhiteElo "1290"]
[BlackElo "1250"]
[PlyCount "47"]
[EventDate "2002.12.??"]
[EventType "team"]
[EventRounds "11"]
[EventCountry "FRA"]
[SourceTitle "EXT 2004"]
[Source "ChessBase"]
[SourceDate "2003.11.25"]
[SourceVersion "1"]
[SourceVersionDate "2003.11.25"]
[SourceQuality "1"]
[WhiteTeam "Creteil"]
[BlackTeam "Cannes"]
[WhiteTeamCountry "FRA"]
[BlackTeamCountry "FRA"]

1. e4 e5 2. Nf3 Nc6 3. Bb5 Bc5 4. 0-0 Nf6 5. Bxc6 dxc6 6. Nxe5 Nxe4 7. Re1 Qd4 8. Nd3 Qxf2+ 9. Nxf2 Bxf2+ 10. Kf1 Bxe1 11. Qxe1 Bf5 12. d3 0-0 13. dxe4 Rfe8 14. Nc3 Rad8 15. Qg3 Bxe4 16. Nxe4 Rxe4 17. Qxc7 Rd1+ 18. Kf2 Rde1 19. Bd2 R1e2+ 20. Kf3 Re7 21. Qg3 Rxd2 22. Qb8+ Rd8 23. Qxd8+ Re8 24. Qxe8# 1-0

[Event "FRA-chT U20 0203"]
[Site "Clichy"]
[Date "2003.05.03"]
[Round "10.8"]
[White "L'Huillier, Robin"]
[Black "Moussard, Jules"]
[Result "0-1"]
[WhiteElo "1290"]
[BlackElo "1730"]
[PlyCount "106"]
[EventDate "2002.12.??"]
[EventType "team"]
[EventRounds "11"]
[EventCountry "FRA"]
[SourceTitle "EXT 2004"]
[Source "ChessBase"]
[SourceDate "2003.11.25"]
[SourceVersion "1"]
[SourceVersionDate "2003.11.25"]
[SourceQuality "1"]
[WhiteTeam "Creteil"]
[BlackTeam "Paris NAO"]
[WhiteTeamCountry "FRA"]
[BlackTeamCountry "FRA"]

1. e4 c5 2. Nf3 d6 3. Bb5+ Nc6 4. d4 cxd4 5. Nxd4 Bd7 6. Nc3 g6 7. 0-0 Bg7 8. Nxc6 bxc6 9. Bc4 Nf6 10. Re1 0-0 11. Bg5 Rb8 12. Qd2 a5 13. Rad1 c5 14. e5 Ne8 15. exd6 Nxd6 16. Qxd6 exd6 17. Bxd8 Rfxd8 18. Rxd6 Rxb2 19. Na4 Rb4 20. Bxf7+ Kxf7 21. Nxc5 Rd4 22. Rxd4 Bxd4 23. Nb3 Bf5 24. Kf1 Bxc2 25. Rc1 Bd3+ 26. Ke1 Be5 27. Nxa5 Re8 28. Kd2 Bf4+ 29. Kxd3 Bxc1 30. Nc4 Ra8 31. Kc2 Bh6 32. Kb3 Ke6 33. f3 Rb8+ 34. Kc2 Kd5 35. Nb2 Bg7 36. Nd3 Rc8+ 37. Kd2 Bh6+ 38. Ke1 Kd4 39. Nb2 Rc1+ 40. Nd1 Kd3 41. a4 Bd2+ 42. Kf2 Rxd1 43. Kg3 h5 44. h3 Ke3 45. h4 Be1+ 46. Kh3 Bf2 47. Kh2 Rd4 48. g3 Kxf3 49. Kh3 Rg4 50. a5 Rxg3+ 51. Kh2 Rg2+ 52. Kh1 Kg3 53. a6 Rh2# 0-1

[Event "FRA-chT 0102 U18"]
[Site "France"]
[Date "2002.05.09"]
[Round "9.9"]
[White "L'Huillier, Robin"]
[Black "Delivre, Raphael"]
[Result "0-1"]
[WhiteElo "1450"]
[BlackElo "1710"]
[PlyCount "116"]
[EventDate "2001.10.??"]
[EventType "team"]
[EventRounds "11"]
[EventCountry "FRA"]
[SourceTitle "EXT 2003"]
[Source "ChessBase"]
[SourceDate "2002.11.25"]
[SourceVersion "1"]
[SourceVersionDate "2002.11.25"]
[SourceQuality "1"]
[WhiteTeam "Creteil"]
[BlackTeam "Paris NAO"]
[WhiteTeamCountry "FRA"]
[BlackTeamCountry "FRA"]

1. e4 c5 2. Nf3 Nc6 3. d4 cxd4 4. Nxd4 g6 5. Nc3 Bg7 6. Nb3 Nf6 7. Bg5 0-0 8. Be2 d6 9. 0-0 Be6 10. Nd4 Nxd4 11. Qxd4 Nd5 12. Nxd5 Bxd4 13. Nxe7+ Kg7 14. Nf5+ gxf5 15. Bxd8 Rfxd8 16. exf5 Bxf5 17. c3 Bb6 18. Bf3 d5 19. Rfd1 Be4 20. Rd2 Bxf3 21. gxf3 Rd7 22. Rad1 Rad8 23. c4 d4 24. b4 d3 25. Kg2 Bc7 26. Kh3 Bf4 27. Rb2 d2 28. Kg4 Rd4 29. Kh3 Re8 30. Rbb1 Rxc4 31. Kg2 Rc7 32. b5 Rce7 33. Kf1 Re2 34. h3 Bg5 35. a4 Bh4 36. a5 Rxf2+ 37. Kg1 Ree2 38. b6 axb6 39. axb6 Rxf3 40. Ra1 Re1+ 41. Rxe1 dxe1Q+ 42. Rxe1 Bxe1 43. Kg2 Rb3 44. Kf1 Bh4 45. Ke2 Rxb6 46. Kf3 Rb4 47. Ke3 b5 48. Kd3 f5 49. Kc3 Re4 50. Kb3 Bf6 51. Ka2 Re3 52. h4 b4 53. h5 h6 54. Kb1 Re2 55. Kc1 b3 56. Kd1 Rc2 57. Ke1 b2 58. Kd1 b1Q# 0-1

[Event "FRA-chT 0102 U18"]
[Site "France"]
[Date "2002.01.05"]
[Round "6.7"]
[White "L'Huillier, Robin"]
[Black "Baudifier, Yoan"]
[Result "0-1"]
[WhiteElo "1510"]
[BlackElo "1600"]
[PlyCount "98"]
[EventDate "2001.10.??"]
[EventType "team"]
[EventRounds "11"]
[EventCountry "FRA"]
[SourceTitle "EXT 2003"]
[Source "ChessBase"]
[SourceDate "2002.11.25"]
[SourceVersion "1"]
[SourceVersionDate "2002.11.25"]
[SourceQuality "1"]
[WhiteTeam "Creteil"]
[BlackTeam "Hyeres"]
[WhiteTeamCountry "FRA"]
[BlackTeamCountry "FRA"]

1. e4 e6 2. d4 d5 3. exd5 exd5 4. Nc3 Nf6 5. Bg5 Be7 6. Nf3 0-0 7. Be2 h6 8. Bxf6 Bxf6 9. 0-0 Re8 10. Re1 Bf5 11. Bd3 Be6 12. Re2 Nc6 13. Qe1 Nxd4 14. Nxd4 Bxd4 15. Bf5 Bxc3 16. bxc3 Bxf5 17. Rxe8+ Qxe8 18. Qxe8+ Rxe8 19. h3 Bxc2 20. Rc1 Bg6 21. c4 dxc4 22. Rxc4 c6 23. Rb4 Re1+ 24. Kh2 Ra1 25. Rxb7 Rxa2 26. f3 Kh7 27. Rc7 Ra6 28. Rc8 Bd3 29. Rc7 Kg6 30. g4 Kf6 31. f4 g6 32. h4 Ke6 33. Kh3 f5 34. h5 Kd6 35. Rh7 fxg4+ 36. Kxg4 gxh5+ 37. Kxh5 Bxh7 38. Kxh6 Bf5 39. Kg5 Ke6 40. Kh4 c5 41. Kg3 Ra2 42. Kf3 c4 43. Kg3 c3 44. Kf3 c2 45. Kg3 c1Q 46. Kf3 Qd2 47. Kg3 Qg2+ 48. Kh4 Ra1 49. Kh5 Rh1# 0-1

[Event "FRA-ch U10"]
[Site "Hyeres"]
[Date "2002.??.??"]
[Round "2.2"]
[White "Delivre, Raphael"]
[Black "L'Huillier, Robin"]
[Result "1-0"]
[WhiteElo "1780"]
[BlackElo "1450"]
[PlyCount "41"]
[EventDate "2002.04.05"]
[EventType "swiss"]
[EventRounds "9"]
[EventCountry "FRA"]
[SourceTitle "EXT 2003"]
[Source "ChessBase"]
[SourceDate "2002.11.25"]
[SourceVersion "1"]
[SourceVersionDate "2002.11.25"]
[SourceQuality "1"]

1. e4 e5 2. Nf3 Nc6 3. c3 Nf6 4. d4 d6 5. Bc4 Nxe4 6. 0-0 Nf6 7. Ng5 h6 8. Nxf7 Qd7 9. Nxh8 d5 10. Bb5 g5 11. dxe5 Ng4 12. e6 Qxe6 13. Re1 Nge5 14. Qh5+ Ke7 15. Ng6+ Kf6 16. Nxe5 Nxe5 17. Be3 Qe7 18. Bd4 c5 19. Bxe5+ Kf5 20. g4+ Ke6 21. Qg6+ 1-0

[Event "FRA-chT 0102 U18"]
[Site "France"]
[Date "2001.11.25"]
[Round "3.9"]
[White "Dubessay, Bastien"]
[Black "L'Huillier, Robin"]
[Result "1/2-1/2"]
[WhiteElo "1420"]
[BlackElo "1510"]
[PlyCount "103"]
[EventDate "2001.10.??"]
[EventType "team"]
[EventRounds "11"]
[EventCountry "FRA"]
[SourceTitle "EXT 2003"]
[Source "ChessBase"]
[SourceDate "2002.11.25"]
[SourceVersion "1"]
[SourceVersionDate "2002.11.25"]
[SourceQuality "1"]
[WhiteTeam "AECE"]
[BlackTeam "Creteil"]
[WhiteTeamCountry "FRA"]
[BlackTeamCountry "FRA"]

1. d4 d5 2. c4 c6 3. Nf3 Bg4 4. e3 Nf6 5. Nc3 e6 6. b3 Bb4 7. Bb2 0-0 8. Be2 Ne4 9. Rc1 Qa5 10. Qc2 Qxa2 11. 0-0 Nxc3 12. Bxc3 Qxc2 13. Rxc2 Bxc3 14. Rxc3 Re8 15. h3 Bh5 16. g4 Bg6 17. Ne5 b6 18. cxd5 cxd5 19. Bb5 Rd8 20. Rfc1 h5 21. Rc8 Rxc8 22. Rxc8+ Kh7 23. Bc6 Nxc6 24. Rxa8 Nxe5 25. dxe5 hxg4 26. hxg4 Bc2 27. Rxa7 Bxb3 28. Rxf7 Bc4 29. Re7 b5 30. Rb7 Kg6 31. f4 Kh6 32. Kg2 g5 33. f5 exf5 34. gxf5 d4 35. exd4 Bd5+ 36. Kg3 Bxb7 37. e6 b4 38. e7 Bc6 39. d5 Bd7 40. f6 b3 41. f7 b2 42. f8Q+ Kh7 43. Qf1 Be8 44. Qb1+ Bg6 45. Qxg6+ Kxg6 46. e8Q+ Kf6 47. Qb5 b1Q 48. Qxb1 Ke5 49. Qg6 Kd4 50. d6 Ke5 51. d7 g4 52. d8R 1/2-1/2